| 000 | 01211cam a22002175a 4500 | ||
|---|---|---|---|
| 001 | L149843 | ||
| 008 | 100504e2010 xxk 000 0 eng d | ||
| 035 | _a(Sirsi) u149843 | ||
| 041 | 0 | _aeng | |
| 100 | 1 | _aChesters, Laura | |
| 245 | 0 | 0 |
_aMarkets _bports, airports and rail freight |
| 260 | _c2010 | ||
| 490 | 0 |
_aProperty Week _v76(14) 9 April 2010, 33-36(4) |
|
| 520 | _aMilligan is to revamp its retail offering at City airport, the UK's main business airport. Global Infrastructure, Gatwick's new owner, says that large-scale future investment will be necessary. Infrastructure works for the 3.5m sq ft Inverness Airport Business Park is to start in November 2010. Lack of prelets at HelioSlough's proposed inland port near Doncaster dampens the project. Occupiers consider the cost of rail freight terminals'environment credentials. DP World seeks prelets for its London Gateway 453 acre site deep-sea port development, the biggest in the UK ports sector. Segro revises its approach to Heathrow lettings. | ||
| 590 | _aKA | ||
| 651 | 4 |
_aUnited Kingdom _y |
|
| 690 | _aPROPERTY-COMMERCIAL PROPERTY-COMMERCIAL PROPERTY MARKET | ||
| 700 | 1 | _aHatcher, David | |
| 700 | 1 | _aCollie, Brian | |
| 942 | _n0 | ||
| 999 |
_c82296 _d82296 |
||